| 000 | 01301nam a2200325 a 4500 | ||
|---|---|---|---|
| 003 | CHAP | ||
| 005 | 20230606184337.0 | ||
| 007 | ta | ||
| 008 | 230606s1991 mx ado|fr|||| 001 0 spa d | ||
| 020 | _a968-884-140-4 | ||
| 040 |
_amxchpua _cCHAP _erda |
||
| 050 | 1 | 0 |
_aTC809 _b.V35 1991 |
| 082 | 0 | 0 |
_a333.7932 _bV35 1991 _220 |
| 100 | 1 |
_9117594 _aValle Florencia, Hebert del _eautor |
|
| 245 | 1 | 0 |
_aFundamentos de electricidad para riego y agroindustrias / _cHebert del Valle Florencia |
| 250 | _a2a edición | ||
| 264 |
_aMéxico : _bUACh. Dirección de Difusión Cultural : _bUACh. Departamento de Irrigación, _c1991 |
||
| 300 |
_a116 páginas : _bilustraciones, tablas, fotos |
||
| 336 |
_2rdacontent _atexto _btxt |
||
| 337 |
_2rdamedia _asin medio _bn |
||
| 338 |
_2rdacarrier _avolumen _bnc |
||
| 490 | 1 |
_aColección Cuadernos Universitarios. Serie Agronomía (UACh. Dirección de Difusión Cultural : Departamento de Irrigación) _v8 |
|
| 504 | _aBibliografía: página 116 | ||
| 650 | 1 | 3 |
_936215 _aElectricidad |
| 650 | 1 | 3 |
_960366 _aIrrigación |
| 650 | 1 | 3 |
_9150276 _aElectricity |
| 650 | 1 | 3 |
_9151660 _aIrrigation |
| 830 |
_924768 _aColección Cuadernos Universitarios. Serie Agronomía (UACh. Dirección de Difusión Cultural : Departamento de Irrigación) _v8 |
||
| 942 |
_2ddc _cLibro |
||
| 999 |
_c218912 _d218912 |
||